General systems theory : mathematical foundations

Αποθηκεύτηκε σε:
Λεπτομέρειες βιβλιογραφικής εγγραφής
Κύριος συγγραφέας: Mesarovic, Mihajlo D.
Άλλοι συγγραφείς: Takahara, Yasuhiko 1935-
Μορφή: Βιβλίο
Γλώσσα:English
Δημοσίευση: New York : Academic, 1975
Σειρά:Mathematics in science and engineering ; ; 113
Θέματα:
Ετικέτες: Προσθήκη ετικέτας
Δεν υπάρχουν, Καταχωρήστε ετικέτα πρώτοι!

MARC

LEADER 00000pam a2200000 i 4500
001 1/85435
008 970408s1975 eng d
020 |a 0-12-491540-X 
035 |l 10006259 
040 |a GR-MY-UA  |b gre  |e aacr 
041 0 |a eng 
082 0 |a 003 
100 1 |a Mesarovic, Mihajlo D. 
245 1 0 |a General systems theory :  |b mathematical foundations /  |c M. D. Mesarovic and Yasuhiko Takahara 
260 |a New York :   |b Academic,   |c 1975 
300 |a xii, 268 p.;  |b ill.;  |c 24 cm 
490 1 |a Mathematics in science and engineering  |v ; 113 
504 |a Includes bibliographical references 
650 0 0 |a System analysis. 
700 1 |a Takahara, Yasuhiko  |d 1935- 
830 0 |a Mathematics in science and engineering ;  |v ; 113 
852 |a INST  |b LESVOS  |e 19970408  |h 003 MES  |p 005100011588  |q 005100011588  |t BK  |y 0 
909 |a Λ  |b 009050